Apertura comercial y (sub)desarrollo regional La experiencia de Sinaloa

Bibliographic Details
Format: eBook
Language:Spanish
Published: Mx̌ico D.F: Plaza y Valdš Editores, 2010
Subjects:
Online Access:Acceso restringido

MARC

LEADER 00000nam a22000007a 4500
005 20130711131858.0
007 cr|||| ||||
008 130711s2010 mx |||||s|||| 00||0 spa d
020 |a  978-607-402-241-4 
035 |a 11391 
040 |a vLex 
090 |c 4423  |d 4423 
245 1 0 |a Apertura comercial y (sub)desarrollo regional  |h [Recurso electrn̤ico] :  |b La experiencia de Sinaloa  
256 |a Servicio en ln̕ea 
260 |a Mx̌ico D.F:  |b Plaza y Valdš Editores,  |c 2010 
300 |a 1 recurso electrn̤ico 
650 0 4 |a Comercio internacional  |z Mx̌ico 
650 0 4 |a Comercio regulacin̤  |z Mx̌ico 
740 0 |a vLex Libros (Servicio en ln̕ea) 
856 4 0 |u http://vlex.com/source/apertura-comercial-y-sub-desarrollo-regional-la-experiencia-de-sinaloa-11391  |z Acceso restringido 
942 |c BOOK 
999 0 |a International trade 
999 0 |a Trade regulation